000 00598cam a22002053a 4500
001 39408
003 PGUSA
005 20140828083857.0
008 120409s2012||||xxu|||||s|||||000 | eng d
040 _aPGUSA
_beng
042 _adc
100 1 _aGerould, Gordon Hall
245 1 4 _aThe Grateful Dead :
_bThe History of a Folk Story
_h[electronic resource] /
_cGordon Hall Gerould
260 _bProject Gutenberg,
_c2012
506 _aPublic domain in the USA.
516 _aElectronic text
830 0 _aProject Gutenberg
_v39408
856 4 0 _uhttp://www.gutenberg.org/ebooks/39408
942 _cEB
999 _c268661
_d268661